000 00552nam a2200169 4500
001 140412
003 ES-MaACL
005 20230906200055.0
007 t|
008 070214s1949 sp r ||||1| spa d
100 1 _aSegura Covarsí, Enrique.
_9105216
245 1 4 _aUna nueva corte literaria renacentista /
_cEnrique Segura Covarsí.
260 _aMadrid :
_b[s. n.],
_c1949.
300 _a35 p. ;
_c25 cm.
500 _aSeparata de: Cuadernos de Literatura, fasc. 16-18, julio-diciembre 1949, p. 147-182.
852 _aES-MaACL
_j1915-F-18
_bR.30706
999 _c140412
_d140412